Business Cycles and Depressions <An> Encyclopedia
Salvato in:
| Altri autori: | |
|---|---|
| Natura: | Libro |
| Lingua: | inglese |
| Pubblicazione: |
New York
Garland Publ.
1997
|
| Edizione: | 1. ed. |
| Serie: | Garland Reference Library of Social Science
Vol. 505 |
| Soggetti: | |
| Tags: |
Nessun Tag, puoi essere il primo ad aggiungerne!!
|
MARC
| LEADER | 00000nam a2200000 4500 | ||
|---|---|---|---|
| 001 | c020078 | ||
| 005 | 20221214072607.8 | ||
| 020 | |a 0-8240-0944-4 | ||
| 041 | 0 | |a eng | |
| 044 | |a US | ||
| 245 | 1 | 0 | |a Business Cycles and Depressions |b <An> Encyclopedia |c Edit. David Glasner |
| 250 | |a 1. ed. | ||
| 264 | 1 | |a New York |b Garland Publ. |c 1997 | |
| 300 | |a 779 s. | ||
| 490 | 1 | |a Garland Reference Library of Social Science |v Vol. 505 | |
| 830 | 0 | |a Garland Reference Library of Social Science |v Vol. 505 | |
| 610 | 2 | 0 | |a cykly hospodárske |
| 610 | 2 | 0 | |a depresia |
| 700 | 1 | |a Glasner, David | |